| 000 | 00525nam a2200157 a 4500 | ||
|---|---|---|---|
| 005 | 20140414131858.0 | ||
| 008 | 100907s19uu xx 00 eng d | ||
| 050 |
_aFIL 630.92 _bSt1 2007 |
||
| 100 | _aSta. Romana-Cruz, Neni | ||
| 245 | _aThe boy who would feed the world. | ||
| 260 |
_aMakati, Philippines : _bBookmark, _cc2007. |
||
| 440 | _aGreat men and women of Asia- children's series | ||
| 650 |
_aAgriculturist _xChina _xBiography _xJuvenile literature |
||
| 650 |
_aAgriculture _xJuvenile literature |
||
| 999 |
_c110554 _d110554 |
||